000 00772cam a22002411 4500
001 sa 64001417
003 DLC
005 20260227112002.0
008 870807m19621968bg 000 0 eng
010 _asa 64001417
025 _aPL480:EP-E-128
035 _a(OCoLC)16400566
040 _aDLC
_cWaU
_dDLC
041 1 _aengara
_hara
042 _apremarc
050 0 0 _aBP100
_b.A1 1962
130 0 _aQurʼan.
_lEnglish & Arabic.
245 1 4 _aThe divine Qur-an.
_cIt contains the Arabic text with a very lucid translatoin [sic] and short explanatory notes that make the sense clear. By al-Hajj S.M. Abdul Hamid.
250 _a1st ed.
260 _aDacca,
_bDistributors: Darul Islam,
_c1962-68.
300 _a3 v.
_c18 cm.
700 1 _aHamid, S. M. Abdul,
_eed., tr.
999 _c56736
_d56736